Statistics for Best-Selling Video Game Consoles

Click here to take the quiz!

General Stats

  • This quiz has been taken 119,777 times
    (11,888 since last reset)
  • The average score is 18 of 29

Answer Stats

ReleasedSalesConsole% Correct
1994102 mPlayStation
99%
200124 mXbox
98%
2000155 mPlayStation 2
94%
200687 mPlayStation 3
94%
2013116 mPlayStation 4
93%
198362 mNintendo
88%
202010 mPlayStation 5
88%
2006102 mWii
86%
200584 mXbox 360
83%
201351 mXbox One
81%
1989119 mGame Boy / Game Boy Color
80%
201789 mNintendo Switch
79%
197730 mAtari 2600
66%
2004154 mNintendo DS
65%
200122 mGame Cube
63%
199633 mNintendo 64
59%
201214 mWii U
56%
198311.5 mSega Master System
55%
199049 mSuper Nintendo
52%
200481 mPSP
51%
20206.5 mXbox Series X / S
50%
198831 mSega Genesis
48%
201176 mNintendo 3DS
47%
200182 mGame Boy Advance
40%
201112.5 mPlayStation Vita
35%
19989.1 mDreamcast
35%
19949.3 mSega Saturn
24%
199010.7 mGame Gear
15%
198710 mTurboGrafx-16
10%

Score Distribution

Percentile by Number Answered

Percent of People with Each Score

Your Score History

You have not taken this quiz since the last reset